000 00546nam a2200181Ia 4500
008 151018s9999 xx 000 0 und d
082 _bRBASDV27780
_a891.463
100 _aसंजय सोनवणी
245 _aअंतिम युद्ध
250 _b1
260 _bदिलीपराज
_c1991
300 _a206
600 _aसंजय सोनवणी
630 _aअंतिम युद्ध
700 _aसंजय सोनवणी
730 _aअंतिम युद्ध
942 _cBOOK
999 _c1027369
_d1027366